Satellite images: peninsulas - Statistics

General Stats
  • This quiz has been taken 28 times
  • The average score is 9 of 12
Answer Stats
Picture Answer % Correct
Iberia
96%
Arabia
93%
Florida
93%
Scandinavia
89%
Korean
82%
Crimea
79%
Horn of Africa
79%
Jutland
75%
Balkan
71%
Anatolia
68%
Indochinese
39%
Kola
39%
No matching quizzes found
Score Distribution
Percent of People with Each Score
Percentile by Number Answered
Your Score History
You have not taken this quiz